Statistiques concernant Les Pays d'Afrique - Map Quiz

Cliquez ici pour prendre le quiz!

Statistiques générales

  • Ce quiz a été pris 270 fois
  • Le résultat moyen est 26 sur 54

Réponses sur la Carte

Les réponses sont colorées sur une échelle allant du rouge au vert en fonction du pourcentage des utilisateurs qui les ont devinées à leur premier essai. Vous pouvez retrouver ces pourcentages ci-dessous.
 

Statistiques - réponses

Réponse% Correct
Algérie
91%
Maroc
89%
Égypte
81%
Tunisie
78%
Libye
72%
Afrique du Sud
64%
Madagascar
63%
Mali
61%
Soudan
61%
Soudan du Sud
61%
Somalie
60%
Sénégal
59%
Cap-Vert
57%
Mauritanie
57%
Éthiopie
55%
République Démocratique
du Congo
55%
Niger
54%
Tchad
53%
Djibouti
51%
Érythrée
49%
République Centrafricaine
49%
Rwanda
45%
Tanzanie
45%
Lesotho
44%
Nigeria
44%
Cameroun
43%
Côte d'Ivoire
43%
Kenya
43%
Comores
42%
Guinée
42%
Sao-Tomé-et-Principe
42%
Angola
41%
Burkina Faso
41%
République du Congo
41%
Maurice
40%
Ouganda
40%
Seychelles
39%
Bénin
38%
Botswana
38%
Mozambique
38%
Namibie
38%
Togo
38%
Eswatini
37%
La Gambie
37%
Gabon
36%
Ghana
36%
Guinée-Bissau
36%
Guinée Équitoriale
36%
Malawi
36%
Burundi
34%
Libéria
34%
Sierra Leone
34%
Zambie
32%
Zimbabwe
32%

Distribution des résultats

Percentile par nombre de réponses

% des personnes avec chaque résultat

Votre développement - résultats

Vous n’avez pas pris ce quiz